Le prêtre-magicien et le dieu-magicien dans la Norvège ancienne, (Second article)

Saved in:  
Bibliographic Details
Main Author: Olsen, Magnus Bernhard 1878-1963 (Author)
Format: Electronic Article
Language:French
Check availability: HBZ Gateway
Interlibrary Loan:Interlibrary Loan for the Fachinformationsdienste (Specialized Information Services in Germany)
Published: [1935]
In: Revue de l'histoire des religions
Year: 1935, Volume: 112, Pages: 5-49
Online Access: Volltext (Resolving-System)

MARC

LEADER 00000naa a22000002c 4500
001 1676043640
003 DE-627
005 20190905163217.0
007 cr uuu---uuuuu
008 190905s1935 xx |||||o 00| ||fre c
035 |a (DE-627)1676043640 
035 |a (DE-599)KXP1676043640 
040 |a DE-627  |b ger  |c DE-627  |e rda 
041 |a fre 
084 |a 0  |2 ssgn 
100 1 |e VerfasserIn  |0 (DE-588)118787055  |0 (DE-627)079563619  |0 (DE-576)209456299  |4 aut  |a Olsen, Magnus Bernhard  |d 1878-1963 
109 |a Olsen, Magnus Bernhard 1878-1963  |a Olsen, Magnus 1878-1963  |a Olsen, Magnus B. 1878-1963 
245 1 3 |a Le prêtre-magicien et le dieu-magicien dans la Norvège ancienne, (Second article)  |c Magnus Olsen 
264 1 |c [1935] 
336 |a Text  |b txt  |2 rdacontent 
337 |a Computermedien  |b c  |2 rdamedia 
338 |a Online-Ressource  |b cr  |2 rdacarrier 
500 |a Bildet den zweiten Teil eines zweiteiligen Aufsatzes 
773 0 8 |i Enthalten in  |t Revue de l'histoire des religions  |d Paris : Colin, 1880  |g 112(1935), Seite 5-49  |h Online-Ressource  |w (DE-627)535186711  |w (DE-600)2375714-0  |w (DE-576)27177388X  |x 2105-2573  |7 nnas 
773 1 8 |g volume:112  |g year:1935  |g pages:5-49 
856 4 0 |u https://www.jstor.org/stable/23665168  |x Resolving-System  |3 Volltext  |7 1 
951 |a AR 
ELC |a 1 
ITA |a 1  |t 1 
LOK |0 000 xxxxxcx a22 zn 4500 
LOK |0 001 351208494X 
LOK |0 003 DE-627 
LOK |0 004 1676043640 
LOK |0 005 20190905155817 
LOK |0 008 190905||||||||||||||||ger||||||| 
LOK |0 040   |a DE-Tue135  |c DE-627  |d DE-Tue135 
LOK |0 092   |o n 
LOK |0 852   |a DE-Tue135 
LOK |0 852 1  |9 00 
LOK |0 935   |a ixzs  |a ixzo  |a rwrk 
LOK |0 939   |a 05-09-19  |b l01 
OAS |a 1  |b inherited from superior work 
ORI |a SA-MARC-ixtheoa001.raw 
REL |a 1 
SUB |a REL